Kenské kontrasty

Turistika a čaj - najdôležitejšie príjmové položky Kenskej republiky. Kvalita poskytovaných služieb. Dôsledky kolonizácie. Spracovanie čaju. Národné parky.

Gespeichert in:
Bibliographische Detailangaben
1. Verfasser: Herzogová, Emília
Format: Buchkapitel
Sprache:Slowakisch
Schlagworte:
Tags: Tag hinzufügen
Keine Tags, Fügen Sie das erste Tag hinzu!

MARC

LEADER 00000naa a2200000 4500
001 r018313
005 20221213095742.5
041 0 |a slo 
044 |a SK 
245 1 0 |a Kenské kontrasty  |c Emília Herzogová 
520 |a Turistika a čaj - najdôležitejšie príjmové položky Kenskej republiky. Kvalita poskytovaných služieb. Dôsledky kolonizácie. Spracovanie čaju. Národné parky. 
610 2 0 |a Afrika 
610 2 0 |a parky národné 
610 2 0 |a Keňa 
610 2 0 |a 1995 
610 2 0 |a ruch cestovný 
610 2 0 |a čaj 
100 1 |a Herzogová, Emília